| 000 | 00401nam a2200145Ia 4500 | ||
|---|---|---|---|
| 008 | 231129s1999||||xx |||||||||||||| ||spa|| | ||
| 020 | _a958-04-4581-8 | ||
| 040 | _bspa | ||
| 082 | _a192.3 B516B | ||
| 100 | _aBerman David | ||
| 245 | 0 | _aBerkeley: Filosofía experimental | |
| 260 | _c1999 | ||
| 264 | _aBarcelona España; Bogotá : Norma | ||
| 942 |
_2ddc _cBKS |
||
| 999 |
_c6115 _d6115 |
||